Famous People From Brazil Quiz - Statistics

General Stats
  • This quiz has been taken 1,573 times
  • The average score is 6 of 10
Answer Stats
Hint Person % Correct
Probably the most famous soccer player from Brazil Pelé
99%
Supermodel married to Tom Brady Gisele Bündchen
84%
Voted FIFA Player of the Year, 2004 and 2005 Ronaldinho
81%
President of Brazil from 2003 to 2010 Luiz Inácio Lula da Silva
67%
Architect who designed Cathedral of Brasília and the National Congress of Brazil Oscar Niemeyer
59%
The Girl from Ipanema composer Antonio Carlos Jobim
55%
Victoria's Secret Angel from Salvador Adriana Lima
40%
Founding family of Brazilian Jiu-Jitsu Gracie family
27%
Musician and actor known for group "Farofa Carioca" and movie "City of God" Seu Jorge
25%
Brasil '66 member who performed with the Black Eyed Peas Sérgio Mendes
21%
No matching quizzes found
Score Distribution
Percent of People with Each Score
Percentile by Number Answered
Your Score History
You have not taken this quiz